Central Library OPAC University of Rajshahi

চাঁপাই নবাবগঞ্জ জেলার পানি বাজেট পরিবর্তনের ধারা (১৯৭০-২০০৫) / (Record no. 79799)

MARC details
000 -LEADER
fixed length control field 01735nam a2200253 a 4500
001 - CONTROL NUMBER
RUCL Control Number 79799
003 - CONTROL NUMBER IDENTIFIER
rucl marc code BD-RjUL
005 - DATE AND TIME OF LATEST TRANSACTION
control field 20230201121042.0
008 - FIXED-LENGTH DATA ELEMENTS--GENERAL INFORMATION
fixed length control field 220516s2010 bg a|||| m||| 00| 0 ben d
035 ## - SYSTEM CONTROL NUMBER
system control number (BD-RjUL)79799
040 ## - CATALOGING SOURCE
Original cataloging agency BD-RjUL
Language of cataloging ben/eng
Transcribing agency BD-RjUL
Modifying agency BD-RjUL
041 ## - LANGUAGE CODE
Language code of Book ben
082 ## - DEWEY DECIMAL CLASSIFICATION NUMBER
DDC Edition number 23
Classification number 551.48
Author mark and Year HAC 2010
100 ## - MAIN ENTRY--PERSONAL NAME
Personal name হক, মো. মোজাম্মেল
9 (RLIN) 2733
245 ## - TITLE STATEMENT
Title চাঁপাই নবাবগঞ্জ জেলার পানি বাজেট পরিবর্তনের ধারা (১৯৭০-২০০৫) /
Statement of responsibility, etc মো: মোজাম্মেল হক ;
Name of Supervisor/Co-Supervisor তত্ত্বাবধায়ক : মো. আবু হানিফ শেখ
260 ## - PUBLICATION, DISTRIBUTION, ETC. (IMPRINT)
Place of publication, distribution, etc রাজশাহী :
Name of publisher, distributor, etc ভূগোল ও পরিবেশবিদ্যা বিভাগ,রাজশাহী বিশ্ববিদ্যালয়
Date of publication, distribution, etc ২০১০
300 ## - PHYSICAL DESCRIPTION
Pagination [৩], xxi,[১], ২৯৭ পাতা :
Other physical details চিত্র ;
Dimensions ২৯ সেমি.
502 ## - DISSERTATION NOTE
Dissertation note থিসিস (পিএইচ.ডি.)-- ভূগোল ও পরিবেশবিদ্যা বিভাগ, রাজশাহী বিশ্ববিদ্যালয়, ২০১০
504 ## - BIBLIOGRAPHY, ETC. NOTE
Bibliography, etc গ্রন্থপঞ্জী ও তথ্য নির্দেশ : পাতা ২০১-২১০
650 ## - SUBJECT ADDED ENTRY--TOPICAL TERM
Topical term or geographic name as entry element জলবিদ্যা
Geographic subdivision বাংলাদেশ
-- চাঁপাই নবাবগঞ্জ জেলা
Chronological subdivision ১৯৭০-২০০৫ খ্রিষ্টাব্দ
9 (RLIN) 3008
Topical term or geographic name as entry element Hydrology
Geographic subdivision Bangladesh
-- Chapai Nawabgang District
Chronological subdivision 1970-2005 A. D.
9 (RLIN) 6811
700 ## - ADDED ENTRY--SUPERVISOR/CO-SUPERVISOR NAME
Personal name শেখ, মো. আবু হানিফ, তত্ত্বাবধায়ক
9 (RLIN) 3010
942 ## - ADDED ENTRY ELEMENTS (KOHA)
Source of classification or shelving scheme Dewey Decimal Classification
Koha item type Theses
Holdings
Source of classification or shelving scheme Damaged status Not for loan Collection code Permanent Location Current Location Shelving location Date of accession Source of acquisition Total Checkouts Full call number Barcode Date last seen Copy number Thesis
Dewey Decimal Classification   Not For Loan Theses Central Library, University of Rajshahi Central Library, University of Rajshahi Documentation Section 26/05/2011 Controller of Exam. R.U.   BTHE 551.48 HAC 2010 D3223 16/05/2022 C-1 Theses